Environmental surveyors needed in Europe (Record no. 68277)

MARC details
000 -LEADER
fixed length control field 01085cam a2200217 4500
001 - CONTROL NUMBER
control field ABS64556
008 - FIXED-LENGTH DATA ELEMENTS--GENERAL INFORMATION
fixed length control field 010917n2001 000 0 eng u
035 ## - SYSTEM CONTROL NUMBER
System control number (Sirsi) u114596
100 ## - MAIN ENTRY--PERSONAL NAME
Personal name Dixon, G.
245 ## - TITLE STATEMENT
Title Environmental surveyors needed in Europe
260 ## - PUBLICATION, DISTRIBUTION, ETC.
Date of publication, distribution, etc. 2001
490 ## - SERIES STATEMENT
Series statement CSM (Chartered Surveyor Monthly)
Volume/sequential designation September 2001, 26(1)
520 ## - SUMMARY, ETC.
Summary, etc. Suggests that there are huge opportunities for environmental chartered surveyors in Europe - particularly in Eastern Europe. Funding to pump prime cities and clean up projects is currently available from many foreign investors. However, as was communicated at the North European Property and Investment Exhibition, held in Oksnehallen near Copenhagen in June 2001, the RICS needs to increase the market's awareness of the variety of roles its members can play, particularly in environmental project management.
590 ## - LOCAL NOTE (RLIN)
Local note ABS
650 ## - SUBJECT ADDED ENTRY--TOPICAL TERM
Topical term or geographic name entry element EUROPE
650 ## - SUBJECT ADDED ENTRY--TOPICAL TERM
Topical term or geographic name entry element ENVIRONMENTAL CHARTERED SURVEYORS
650 ## - SUBJECT ADDED ENTRY--TOPICAL TERM
Topical term or geographic name entry element OPPORTUNITIES
650 ## - SUBJECT ADDED ENTRY--TOPICAL TERM
Topical term or geographic name entry element RICS ENVIRONMENT FACULTY
690 ## - LOCAL SUBJECT ADDED ENTRY--TOPICAL TERM (OCLC, RLIN)
Topical term or geographic name as entry element INTERNATIONAL-EUROPE
942 ## - ADDED ENTRY ELEMENTS (KOHA)
Suppress in OPAC 0
Holdings
Withdrawn status Lost status Source of classification or shelving scheme Damaged status Not for loan Home library Current library Shelving location Date acquired Total Checkouts Full call number Barcode Date last seen Copy number Price effective from Koha item type
    Dewey Decimal Classification     London London Journal article 17/09/2001   ABS64556 114596-1001 06/08/2019 1 06/08/2019 Journal article